Las esferas doradas : y otras recreaciones matemáticas ii [juego] /

Guardado en:
Formato: Objeto Físico
Publicado: Argentina : Juegos et co., c1993.
Materias:
Etiquetas: Agregar Etiqueta
Sin Etiquetas, Sea el primero en etiquetar este registro!
LEADER 00616nrm a22001455g 4500
001 CEM.cems019421
008 130507s1993##################0###0#####d
005 20220830180846.0
245 0 0 |a Las esferas doradas :  |b y otras recreaciones matemáticas ii [juego] /  |c Joseph S. Madachy. 
260 |a Argentina :  |b Juegos et co.,  |c c1993. 
300 |a 1 juego (127 p.) 
500 |a Para 1 ó más jugadores a partir de 13 años objetivo: resolver las recreaciones matemáticas tomo II. 
020 |a 8488155301 
653 |a 1. juegos de recreaciones matemáticas 
859 |a CEMS  |b BIB. CEMS - Ludoteca  |h 84-88155-30-1  |i tomo  |p 222.00  |t Ej.1  |v II  |3 II